California Congressional Delegation - Statistics

General Stats
  • This quiz has been taken 6 times
  • The average score is 33 of 54
Answer Stats
Hint Answer % Correct
CA-12 Barbara Lee
83%
CA-32 Brad Sherman
83%
CA-22 David Valadao
83%
CA-21 Jim Costa
83%
CA-47 Katie Porter
83%
CA-03 Kevin Kiley
83%
CA-11 Nancy Pelosi
83%
CA-05 Tom McClintock
83%
CA-30 Adam Schiff
67%
Senator (junior) Alex Padilla
67%
CA-48 Darrell Issa
67%
Senator (senior) Dianne Feinstein
67%
CA-01 Doug LaMalfa
67%
CA-02 Jared Huffman
67%
CA-23 Jay Obernolte
67%
CA-09 Josh Harder
67%
CA-41 Ken Calvert
67%
CA-20 Kevin McCarthy
67%
CA-10 Mark DeSaulnier
67%
CA-45 Michelle Steel
67%
CA-27 Mike Garcia
67%
CA-49 Mike Levin
67%
CA-25 Raul Ruiz
67%
CA-42 Robert Garcia
67%
CA-17 Ro Khanna
67%
CA-51 Sara Jacobs
67%
CA-36 Ted Lieu
67%
CA-18 Zoe Lofgren
67%
CA-06 Ami Bera
50%
CA-16 Anna Eshoo
50%
CA-07 Doris Matsui
50%
CA-14 Eric Swalwell
50%
CA-31 Grace Napolitano
50%
CA-34 Jimmy Gomez
50%
CA-19 Jimmy Panetta
50%
CA-13 John Duarte
50%
CA-08 John Garamendi
50%
CA-52 Juan Vargas
50%
CA-28 Judy Chu
50%
CA-26 Julia Brownley
50%
CA-15 Kevin Mullin
50%
CA-38 Linda Sanchez
50%
CA-46 Lou Correa
50%
CA-39 Mark Takano
50%
CA-43 Maxine Waters
50%
CA-04 Mike Thompson
50%
CA-44 Nanette Barragan
50%
CA-35 Norma Torres
50%
CA-33 Pete Aguilar
50%
CA-24 Salud Carbajal
50%
CA-50 Scott Peters
50%
CA-37 Sydney Kamlager-Dove
50%
CA-29 Tony Cardenas
50%
CA-40 Young Kim
50%
No matching quizzes found
Score Distribution
Percent of People with Each Score
Percentile by Number Answered
Your Score History
You have not taken this quiz